000 00552nam a2200169Ia 4500
999 _c21059
_d21059
003 OSt
005 20200616122720.0
008 190216s9999||||xx |||||||||||||| ||und||
020 _a9780195642933
040 _coclc
082 _a306.089
_bDAN/C
100 _aDaniel, E Valentine
_92975
245 0 _aChapters In An Anthropography Of Violence:
_bSrilankans, Sinhalas And Tamils /
_cE Valentine Daniel
260 _bOxford University Press,
_aDelhi:
_c1997:
300 _a252p
942 _cBK
_2ddc
_h306.089
_iDAN/C
_k306.089
_mDAN/C